Discographie de Werenoi - Statistiques

Statistiques générales
  • Ce quiz a été pris 1 384 fois
    1 376 depuis la dernière actualisation
  • Le résultat moyen est 51 sur 98
Statistiques - réponses
Album Son % Correct
Carré Chemin d'or
82%
Pyramide Pyramide
79%
Carré Laboratoire
73%
Telegram 2 Tu connais
73%
Telegram Jamal
72%
Diamant Noir Poney
72%
Telegram 2 CR
71%
Pyramide Chemin de diamant
70%
Single La League
70%
Carré Ciao
69%
Telegram 3 singes
68%
Telegram Solitaire
68%
Carré 10.03.2023
66%
Carré Intro Rolex
66%
Telegram 2 Mauvaise
66%
Diamant Noir Triple V
66%
Single Scarface
64%
Pyramide Maudit
62%
Diamant Noir Diamant Noir
60%
Carré Escorte
59%
Single Guadalajara
59%
Telegram 2 Magot
59%
Carré Maison hantée
59%
Pyramide Intro Morphée
58%
Diamant Noir Piano
58%
Single Derek
57%
Diamant Noir Dispense
57%
Pyramide 2 Pétunias
57%
Single Fort
56%
Carré Tout seul
56%
Pyramide 2 Oméga
55%
Telegram Vulgaire
55%
Telegram All eyes on me
54%
Pyramide 2 Alpha
54%
Pyramide 2 C63
54%
Pyramide Dans un verre
54%
Pyramide 2 6 étoiles
53%
Carré Boussole
53%
Pyramide Chaleur
53%
Carré Grisaille
53%
Pyramide 16.02.2024
52%
Telegram Selfie
52%
Pyramide Téléphérique
52%
Carré Virus
52%
Single 9.17
51%
Telegram Balmain
51%
Diamant Noir First
51%
Telegram Ordinateur
51%
Telegram 2 3x filtré
50%
Pyramide 2 5 étoiles
50%
Diamant Noir Jalouse
50%
Telegram 2 Rolls Royce
50%
Diamant Noir Colisée
49%
Pyramide Location
49%
Telegram Crédibilité
48%
Pyramide Faf
48%
Diamant Noir FTR
48%
Diamant Noir Gulfstream
48%
Pyramide La vie de star
48%
Diamant Noir Riri
48%
Carré Figaro
46%
Carré Millionnaire
46%
Telegram Ndrangheta
46%
Diamant Noir 11.04.2025
45%
Telegram 7 vie la
45%
Single Criminel
45%
Telegram Le sas
45%
Carré Satan 2
45%
Diamant Noir Titanic
45%
Telegram 2 Bang
44%
Single Des Ténèbres
44%
Pyramide FBI
44%
Diamant Noir Industry Plant
44%
Pyramide 2 La famine
44%
Pyramide Je suis en moto
43%
Telegram 2 Les codes
43%
Pyramide 2 Moteur brûlant
43%
Diamant Noir Embouteillé
42%
Carré Nos labels c'est du papel
42%
Telegram Sale histoire
42%
Pyramide Animal
41%
Diamant Noir Boss
41%
Pyramide 2 Malus
41%
Carré Rude Boy
41%
Pyramide 2 Vermine
41%
Pyramide 2 En pétard
40%
Telegram Déjà vu
39%
Pyramide 2 Emelyne
39%
Pyramide Picasso
39%
Diamant Noir Faillite
38%
Carré L'ancien
38%
Carré Salaire
38%
Carré Vroum Vroum
38%
Pyramide Casse bélier
37%
Diamant Noir Clair de Lune
37%
Pyramide Témoin
37%
Pyramide 2 Balkans
34%
Pyramide 2 L'or et la pierre
33%
Aucun quiz correspondant
Distribution des résultats
% des personnes avec chaque résultat
Percentile par nombre de réponses
Votre historique - résultats
Vous n’avez pas pris ce quiz depuis la dernière actualisation